Crisis de la sociedad civil : (Record no. 36427)

MARC details
000 -LEADER
campo de control de longitud fija 01307cam a2200397Mi 4500
001 - NÚMERO DE CONTROL
campo de control 59588
005 - FECHA Y HORA DE LA ÚLTIMA TRANSACCIÓN
campo de control 20230410105425.0
008 - DATOS DE LONGITUD FIJA--INFORMACIÓN GENERAL
campo de control de longitud fija 030210s2002 sp b 000 0 spa d
035 ## - NÚMERO DE CONTROL DEL SISTEMA
Número de control de sistema (OCoLC)ocm51667092
040 ## - FUENTE DE CATALOGACIÓN
Centro catalogador/agencia de origen PL#
Lengua de catalogación spa
Centro/agencia transcriptor PL#
Centro/agencia modificador I5B
-- OCLCQ
-- BNCHL
020 ## - NÚMERO INTERNACIONAL ESTÁNDAR DEL LIBRO
Número Internacional Estándar del Libro 8489239312
020 ## - NÚMERO INTERNACIONAL ESTÁNDAR DEL LIBRO
Número Internacional Estándar del Libro 9788489239319
029 0# - OTRO NÚMERO DE CONTROL DE SISTEMA (OCLC)
Identificador de la biblioteca OCLC PL#
Número de control de sistema 8489239312
029 1# - OTRO NÚMERO DE CONTROL DE SISTEMA (OCLC)
Identificador de la biblioteca OCLC I5B
Número de control de sistema 175339
035 ## - NÚMERO DE CONTROL DEL SISTEMA
Número de control de sistema (OCoLC)51667092
045 ## - PERIODO DE TIEMPO DEL CONTENIDO
Código de periodo de tiempo x5y0
050 14 - SIGNATURA TOPOGRÁFICA DE LA BIBLIOTECA DEL CONGRESO
Número de clasificación HB3716
Número de ítem R896c 2002
100 1# - ENTRADA PRINCIPAL--NOMBRE DE PERSONA
Nombre de persona Rubinstein, Juan Carlos.
245 10 - MENCIÓN DEL TÍTULO
Título Crisis de la sociedad civil :
Resto del título neofeudalización y posfordismo /
Mención de responsabilidad, etc. por Juan Carlos Rubinstein.
250 ## - MENCION DE EDICION
Mención de edición 1. ed.
260 ## - PUBLICACIÓN, DISTRIBUCIÓN, ETC.
Lugar de publicación, distribución, etc. Madrid :
Nombre del editor, distribuidor, etc. Trama Editorial,
Fecha de publicación, distribución, etc. 2002.
300 ## - DESCRIPCIÓN FÍSICA
Extensión xxiii, 246 p. ;
Dimensiones 24 cm.
440 #0 - MENCIÓN DE SERIE/PUNTO DE ACCESO ADICIONAL--TÍTULO
Título Colección Ecúmene
500 ## - NOTA GENERAL
Nota general Referencias bibliográficas.
504 ## - NOTA DE BIBLIOGRAFÍA, ETC.
Nota de bibliografía, etc. Bibliografía: p. [237]-246.
653 ## - TÉRMINO DE INDIZACIÓN--NO CONTROLADO
Término no controlado Crisis económicas
-- Aspectos políticos.
653 ## - TÉRMINO DE INDIZACIÓN--NO CONTROLADO
Término no controlado Política.
650 #7 - PUNTO DE ACCESO ADICIONAL DE MATERIA--TÉRMINO DE MATERIA
Término de materia o nombre geográfico como elemento de entrada Innovaciones tecnológicas
Subdivisión general Aspectos sociales.
Fuente del encabezamiento o término renib
650 #7 - PUNTO DE ACCESO ADICIONAL DE MATERIA--TÉRMINO DE MATERIA
Término de materia o nombre geográfico como elemento de entrada Crisis económica
Subdivisión general Aspectos sociales.
Fuente del encabezamiento o término renib
650 #7 - PUNTO DE ACCESO ADICIONAL DE MATERIA--TÉRMINO DE MATERIA
Término de materia o nombre geográfico como elemento de entrada Globalización
Subdivisión general Aspectos sociales.
Fuente del encabezamiento o término renib
938 ## -
-- Puvill Libros
-- PUVL
-- 8489239312
-- $23.10
938 ## -
-- Iberbook International S.L.
-- IBER
-- 175339
-- EUR19.00
942 ## - ELEMENTOS DE ENTRADA SECUNDARIOS (KOHA)
Fuente del sistema de clasificación o colocación Clasificación de Library of Congress
Tipo de ítem Koha
994 ## -
-- C0
-- DRFGD
946 ## - PROCESAMIENTO DE INFORMACIÓN LOCAL (OCLC)
a Lspaulino
Holdings
Estatus retirado Estado de pérdida Fuente del sistema de clasificación o colocación Estado de daño No para préstamo Colección Biblioteca de origen Biblioteca actual Ubicación en estantería Fecha de adquisición Serial enumeration / chronology Signatura topográfica completa Código de barras Visto por última vez Copia número Tipo de ítem Koha
    Clasificación de Library of Congress     Ciencias Sociales Biblioteca Juan Bosch Biblioteca Juan Bosch Ciencias Sociales (3er. Piso) 10/04/2023 3 HB3716 R896c 2002 00000060183 24/10/2018 1